000 02860nam a22002657a 4500
003 OSt
005 20210325111851.0
008 210325s2002 ck aod|gr|||| 00| 0 spa d
020 _a9587012836
040 _aCO-JMCR
_cCO-JMCR
041 0 _aspa
082 0 4 _a361.51/
_bG516c
_221
100 1 _aGiraldo Navia, Néstor Raul,
_eautor
_936524
245 1 1 _a¿Cuánto costó la temporalidad de Armenia? :
_buna aproximación a la realidad de la pobreza en la reconstrucción :
_cNéstor Raul Giraldo Navia, Juan Carlos Ortega Bermúdez, Jaime Sepúlveda Fuenzalida
250 _aPrimera edición
260 _aBogotá :
_bUniversidad Nacional de Colombia,
_c2002
300 _a84 páginas :
_bilustraciones y fotografías a blanco y negro ;
_c28 cm.
490 0 _aColección Armenia. Enfoques de la reconstrucción ;
_vV.5
505 0 _aAlgunas claves del escenario de la temporalidad -- Primera etapa: cómo se confirmó el escenario -- Segunda etapa: la atención de la temporalidad por las gerencias sociales -- La concepción social del Forec toma forma -- Tercera etapa: desmonte del escenario -- Recapitulación -- Costos desagregados de la atención física y social a la temporalidad -- Programas transversales de atención a la temporalidad -- proyecto sociales de atención física y social a la temporalidad -- Programa transversal de atención a la temporalidad de Armenia
520 3 _a¿Cuáles fueron los costos de la temporalidad en Armenia? Esta pregunta puede contestarse en sentido estricto, realizando una contabilidad detalla o, en sentido amplio, estableciendo las consecuencias sociales, políticas o económicas de haber mantenido en alojamientos temporales a treinta mil habitantes de la ciudad. El presente texto constituye una introducción a las dos aproximaciones: en su primera parte intenta dar un vistazo de la temporalidad, apoyado en la valiosa experiencia que la Gerencia Armenia de la Universidad Nacional de Colombia tuvo en la atención a estos alojamientos, y en la segunda se realiza un examen de las cifras, con más detenimiento. Aunque no es el propósito del texto adelantar una conclusión definitiva respecto a los costos de la temporalidad, brinda unas sugerencia valiosas para analizar el problema más a fondo, y para introducir un tema que la región tendrá que enfrentar en los años venideros: la realidad de la pobreza. Este libro forma parte de una serie de cinco títulos que la Universidad Nacional de Colombia con su Gerencia Armenia deja como instrumentos conceptuales para pensar la nueva realidad que la región enfrenta una vez finalizada una compleja reconstrucció de tres años y medio.
650 1 4 _aBienestar Social
_zArmenia (Colombia)
_936525
700 1 _aOrtega Bermúdez, Juan Carlos,
_eautor
_923289
700 1 _aSepúlveda Fuenzalida, Jaime,
_eautor
_936526
942 _2ddc
_cBK
999 _c15493
_d15493